Hochzeitsmusik von Johannes Stobaeus (1580-1646) in der ersten Hälfte des 17. Jahrhunderts
| Titel: | Hochzeitsmusik von Johannes Stobaeus (1580-1646) in der ersten Hälfte des 17. Jahrhunderts |
|---|---|
| Verfasser: | |
| In: |
Musik und Literatur im frühneuzeitlichen Preußenland, (2009), Seite 149-165, 3 Abb. alle Artikel anzeigen |
| Veröffentlicht: | 2009 |
| Format: | Aufsatz |
| Sprache: | Deutsch |
X
alg: 39256546 001A $01999:11-11-16 001B $01999:21-05-21 $t16:51:19.000 001D $01999:11-11-16 001U $0utf8 001X $00 002@ $0Aox 003@ $0392565463 007A $0392565463 $aHEB 007T $0Herdc0069733m 010@ $ager 011@ $a2009 021A $aHochzeitsmusik von Johannes Stobaeus (1580-1646) in der ersten Hälfte des 17. Jahrhunderts 028A $aBogdan $dIzabela 031A $h149-165, 3 Abb. $j2009 039B $aIn $8--Aau--. Musik und Literatur im frühneuzeitlichen Preußenland. - Marburg : Elwert, 2009. - 334 S.. - Ill., Kt., Notenbeisp.. - ISBN 978-3-7708-1329-2 $x200900000000000851 $9214767000 045F $a929.094382 $eDDC23BSB 045F/01 $a929 045F/03 $g4382 045F/03 $g43832 lok: 39256546 78 exp: 39256546 78 1 #EPN 201B/01 $005-12-17 $t23:50:39.000 201U/01 $0utf8 203@/01 $0788663526 208@/01 $a11-11-16 $be 209A/01 $a/ $f000 $x00 220C/01 $aTitelaufnehmer: gk;ak 220C/01 $aHerkunft: HI Marburg 244Z/01 $2Trx $#Prusy Wschodnie i Zachodnie $8--Trx--Ost- und Westpreußen $x01 $939113373X 244Z/01 $#Königsberg Preußen $#Königsberg i. Pr. $#Königsberg Pr. $#Königsberg in Ostpreußen $#Königsberg Ostpreußen $#Königsberg (Pr.) $#Königsberg Pregel $#Stadtgemeinde Königsberg $#Königsbergk $#Kaliningrad $#Karaliánčins $#Krulevec $#Karaláuczuje $#Królewiec $#Karaliaučius $#Regimontanus $#Regiomontium $#Regiomontum $#Regiomontum Borussiae $#Калининград $74031541-1 $8--Tg1--Königsberg $x02 $908508364X 244Z/01 $aGeschichte 1580-1646 $x03 244Z/01 $2Trx $8--Trx--Stobeaus, Johann$Z1580-1646 $x04 $9390965723 244Z/01 $2Trx $#muusika $#muzika bendras $#music $#zene általános $#muzyka ogólnie $#hudba $#hudba $8--Trx--Musik$gallgemein $x05 $9391358979 244Z/01 $2Trx $#heliloojad $#kompozitoriai $#composers $#zeneszerzök $#kompozytorzy $#skladatelia $#skladatelé $8--Trx--Komponisten $x06 $9391353837 244Z/01 $2Trx $#muusikud $#muzikai $#musicians $#zenész $#muzycy $#hudobníci $#hudebníci $8--Trx--Musiker $x07 $9391353314 244Z/01 $2Trx $#heliloojad $#kompozitoriai $#composers $#zeneszerzök $#kompozytorzy $#skladatelia $#skladatelé $8--Trx--Komponisten $x08 $9391353837 244Z/01 $2Trx $8--Trx--Einzelbeiträge $x09 $9391384570 245Z/01 $a12.03 $x01 247C/01 $82080>Marburg/Lahn, Herder-Institut, Forschungsbibliothek, Bibliographieportal $9336309341
| LEADER | 00000caa a22000002c 4500 | ||
|---|---|---|---|
| 001 | 392565463 | ||
| 003 | DE-603 | ||
| 005 | 20210521165119.0 | ||
| 007 | tu | ||
| 008 | 161111s2009 xx |||| | u00||u|ger c | ||
| 035 | |a (DE-599)HEB392565463 | ||
| 040 | |a DE-603 |b ger |c DE-603 |d DE-603 | ||
| 041 | |a ger | ||
| 082 | 0 | 4 | |8 1\u |a 929.094382 |q DE-101 |2 23/BSB |
| 085 | |8 1\u |b 929 | ||
| 085 | |8 1\u |z 2 |s 4382 | ||
| 085 | |8 1\u |z 2 |s 43832 | ||
| 100 | 1 | |a Bogdan, Izabela | |
| 245 | 0 | 0 | |a Hochzeitsmusik von Johannes Stobaeus (1580-1646) in der ersten Hälfte des 17. Jahrhunderts |
| 264 | 0 | |c 2009 | |
| 773 | 0 | 8 | |i In |t Musik und Literatur im frühneuzeitlichen Preußenland |d Marburg : Elwert, 2009 |h 334 S., Ill., Kt., Notenbeisp. |z 9783770813292 |g (2009), Seite 149-165, 3 Abb. |w (DE-603)214767000 |
| 924 | 0 | |9 2080 |a (DE-603)788663526 |b DE-2080 |c HES |d d |g / | |


